[Event "EU Union-ch U12 17th"]
[Site "Mureck"]
[Date "2019.08.07"]
[Round "8"]
[White "Vasilijevic, Vili"]
[Black "Anand, Aryan"]
[Result "1-0"]
[WhiteElo "1595"]
[BlackElo "1779"]
[PlyCount "95"]
[EventDate "2019.07.31"]
[EventType "swiss"]
[EventRounds "9"]
[EventCountry "AUT"]
[SourceTitle "EXT 2020"]
[Source "ChessBase"]
[SourceDate "2019.10.17"]
[SourceVersion "1"]
[SourceVersionDate "2019.10.17"]
[SourceQuality "1"]

1. e4 c5 2. Nf3 d6 3. d4 Nf6 4. dxc5 Nxe4 5. cxd6 Nc6 6. Bd3 Nxd6 7. Bf4 g6 8. c3 Bg7 9. 0-0 0-0 10. Qc2 Bg4 11. Nbd2 Rc8 12. a3 Qc7 13. h3 Be6 14. Ne4 Qd8 15. Rad1 Nxe4 16. Bxe4 Qb6 17. Be3 Qb5 18. Bd3 Qb3 19. Nd2 Qxc2 20. Bxc2 Rfd8 21. Ne4 b6 22. Rxd8+ Rxd8 23. Rd1 Rxd1+ 24. Bxd1 Ne5 25. Be2 h6 26. Nd2 f5 27. f4 Nc6 28. Nf3 Na5 29. Nd4 Bd5 30. b4 Nb7 31. Nb5 a6 32. Nc7 Be4 33. Bc4+ Kh7 34. Bxa6 Bxc3 35. Bxb6 Bd3 36. Nb5 Bb2 37. a4 Bxb5 38. Bxb5 Ba3 39. a5 Nd6 40. Be2 Bxb4 41. a6 Nc8 42. Be3 Ba5 43. a7 Nb6 44. Bf3 g5 45. Kf1 g4 46. hxg4 fxg4 47. Be4+ Kg7 48. Bxb6 1-0

[Event "EU Union-ch U12 16th"]
[Site "Mureck"]
[Date "2018.08.05"]
[Round "5"]
[White "Hoffmann, Kay"]
[Black "Anand, Aryan"]
[Result "0-1"]
[WhiteElo "1388"]
[BlackElo "1575"]
[PlyCount "84"]
[EventDate "2018.08.01"]
[EventType "swiss"]
[EventRounds "9"]
[EventCountry "AUT"]
[SourceTitle "CBM 186 Extra"]
[Source "ChessBase"]
[SourceDate "2018.08.24"]
[SourceVersion "1"]
[SourceVersionDate "2018.08.24"]
[SourceQuality "1"]

1. f4 d5 2. Nf3 Bg4 3. e3 c6 4. Be2 Nd7 5. b3 Qc7 6. Bb2 Ngf6 7. 0-0 Bxf3 8. Bxf3 e5 9. fxe5 Nxe5 10. d3 0-0-0 11. Nd2 Bd6 12. g3 h5 13. a4 h4 14. g4 h3 15. Qe2 Kb8 16. Bxe5 Bxe5 17. d4 Bd6 18. c3 Rde8 19. Qf2 Qd7 20. g5 Ng4 21. Bxg4 Qxg4+ 22. Kh1 Rxe3 23. Rg1 Re2 24. Rxg4 Rxf2 25. Nf1 Rc2 26. Ng3 Rxc3 27. Nf5 Bc7 28. Rb1 g6 29. Ng3 Rd3 30. Kg1 Rd2 31. Nf1 Rc2 32. Re1 Bd6 33. Re3 Kc7 34. Rf3 Rh7 35. Re3 c5 36. Kh1 cxd4 37. Rd3 Rc1 38. Rg1 Rc3 39. Rxc3+ dxc3 40. Ne3 Bc5 41. Re1 Bxe3 42. Rxe3 d4 0-1

[Event "EU Union-ch U12 16th"]
[Site "Mureck"]
[Date "2018.08.02"]
[Round "2"]
[White "Anand, Aryan"]
[Black "Ramadanov, Esat"]
[Result "0-1"]
[WhiteElo "1575"]
[BlackElo "1789"]
[PlyCount "54"]
[EventDate "2018.08.01"]
[EventType "swiss"]
[EventRounds "9"]
[EventCountry "AUT"]
[SourceTitle "CBM 186 Extra"]
[Source "ChessBase"]
[SourceDate "2018.08.24"]
[SourceVersion "1"]
[SourceVersionDate "2018.08.24"]
[SourceQuality "1"]

1. d4 Nf6 2. c4 g6 3. Nc3 Bg7 4. e4 d6 5. f3 0-0 6. Be3 e5 7. Nge2 Nbd7 8. Qd2 c6 9. d5 cxd5 10. cxd5 a6 11. Nd1 b5 12. Nec3 Bb7 13. Be2 Nb6 14. 0-0 Nfd7 15. b4 f5 16. Nb2 f4 17. Bf2 g5 18. a4 bxa4 19. Ncxa4 h5 20. Rac1 Nxa4 21. Nxa4 Rf7 22. Rc2 Nf6 23. Rfc1 g4 24. Bh4 Bc8 25. Kf1 Bd7 26. Bxf6 Bxf6 27. Rc7 Bxa4 0-1

[Event "EU Union-ch U10 15th"]
[Site "Mureck"]
[Date "2017.08.07"]
[Round "6"]
[White "Gschiel, Alexander"]
[Black "Anand, Aryan"]
[Result "1-0"]
[WhiteElo "1341"]
[BlackElo "1425"]
[PlyCount "167"]
[EventDate "2017.08.02"]
[EventType "swiss"]
[EventRounds "9"]
[EventCountry "AUT"]
[SourceTitle "CBM 180 Extra"]
[Source "ChessBase"]
[SourceDate "2017.10.06"]
[SourceVersion "1"]
[SourceVersionDate "2017.10.06"]
[SourceQuality "1"]

1. c4 e5 2. g3 Nf6 3. Bg2 Nc6 4. Nc3 Bb4 5. d3 h6 6. Bd2 d6 7. Nf3 0-0 8. 0-0 a6 9. a3 Bc5 10. b4 Ba7 11. Qb3 Be6 12. Rac1 d5 13. cxd5 Nxd5 14. Qb2 Bd4 15. Nxd4 Nxd4 16. Rfe1 c6 17. Ne4 Bg4 18. f3 Bd7 19. e3 Nb5 20. a4 Nbc7 21. Qxe5 Qe7 22. Qxe7 Nxe7 23. Nc5 Bc8 24. d4 Ne6 25. Bc3 Nd5 26. Kf2 Nb6 27. a5 Nc4 28. Bf1 Nd6 29. e4 Nb5 30. Red1 Rd8 31. d5 cxd5 32. Rxd5 Rxd5 33. exd5 Nec7 34. Bc4 Nd6 35. Be5 Nxc4 36. Rxc4 Nxd5 37. Rd4 Ne7 38. Rd8+ Kh7 39. Re8 Nc6 40. Bc3 Rb8 41. Be5 Ra8 42. Bc7 Nxb4 43. Nd7 Nd5 44. Nb6 Nxc7 45. Rxc8 Rxc8 46. Nxc8 Nb5 47. Ke3 Kg6 48. Ke4 Kf6 49. Kd5 g5 50. Nd6 Nc3+ 51. Kc4 Ke6 52. Nxb7 Nb5 53. Nc5+ Kd6 54. Nxa6 Na3+ 55. Kb3 Nb5 56. Kb4 Nd4 57. f4 gxf4 58. gxf4 Nc6+ 59. Kb5 Na7+ 60. Kb6 Nc8+ 61. Kb7 Ne7 62. Nb4 Kc5 63. a6 Kxb4 64. a7 Nd5 65. a8Q Nxf4 66. Qf8+ Kc3 67. Qxf7 Nd3 68. Qg7+ Kc2 69. Qxh6 Nc5+ 70. Kc6 Nd3 71. Qg6 Kd2 72. Qg2+ Kc3 73. h4 Nb4+ 74. Kb5 Nd3 75. h5 Nf4 76. Qf3+ Nd3 77. Qxd3+ Kxd3 78. h6 Kc2 79. h7 Kb1 80. h8Q Ka2 81. Kb4 Kb1 82. Qh2 Ka1 83. Kb3 Kb1 84. Qh1# 1-0

[Event "EU Union-ch U10 14th"]
[Site "Mureck"]
[Date "2016.08.07"]
[Round "5"]
[White "Wendl, Philipp"]
[Black "Anand, Aryan"]
[Result "1-0"]
[WhiteElo "1153"]
[BlackElo "1145"]
[PlyCount "109"]
[EventDate "2016.08.03"]
[EventType "swiss"]
[EventRounds "9"]
[EventCountry "AUT"]
[SourceTitle "CBM 174 Extra"]
[Source "ChessBase"]
[SourceDate "2016.10.10"]
[SourceVersion "1"]
[SourceVersionDate "2016.10.10"]
[SourceQuality "1"]

1. e4 c5 2. Nf3 d6 3. d4 cxd4 4. Nxd4 Nf6 5. Nc3 a6 6. f3 b5 7. Be3 e6 8. Qd2 Nbd7 9. Bd3 Bb7 10. g4 Nb6 11. h4 Be7 12. h5 Qc7 13. 0-0-0 0-0 14. g5 Nfd7 15. g6 d5 16. gxh7+ Kh8 17. Rhg1 Nf6 18. Rh1 Bb4 19. Rh4 Na4 20. Nde2 Rad8 21. e5 Bxc3 22. Nxc3 Qxe5 23. Bd4 Qg3 24. Bxf6 gxf6 25. Rg4 Qxf3 26. Be2 Qh3 27. Qh6 Qxg4 28. Bxg4 Nxc3 29. bxc3 f5 30. Qf6+ Kxh7 31. Bxf5+ exf5 32. Rg1 Rg8 33. Qxf7+ Kh8 34. Qf6+ Kh7 35. Qxf5+ Kh8 36. Qf6+ Kh7 37. Qf7+ Kh8 38. Rxg8+ Rxg8 39. Qxb7 Rg5 40. Qxa6 Rxh5 41. Qxb5 Kg7 42. a4 Rg5 43. a5 Rg1+ 44. Kb2 Rg6 45. a6 Rxa6 46. Qxa6 Kf7 47. Qd6 d4 48. cxd4 Kg8 49. Qe7 Kh8 50. Kc3 Kg8 51. Kd3 Kh8 52. Ke4 Kg8 53. Kf5 Kh8 54. Kg6 Kg8 55. Qg7# 1-0

[Event "EU Union-ch U10 14th"]
[Site "Mureck"]
[Date "2016.08.03"]
[Round "1"]
[White "Mihelic, Vesna"]
[Black "Anand, Aryan"]
[Result "1-0"]
[WhiteElo "1412"]
[BlackElo "1145"]
[PlyCount "139"]
[EventDate "2016.08.03"]
[EventType "swiss"]
[EventRounds "9"]
[EventCountry "AUT"]
[SourceTitle "CBM 174 Extra"]
[Source "ChessBase"]
[SourceDate "2016.10.10"]
[SourceVersion "1"]
[SourceVersionDate "2016.10.10"]
[SourceQuality "1"]

1. e4 c5 2. Nc3 d6 3. Nf3 Nf6 4. Bc4 Bg4 5. h3 Bh5 6. d3 e6 7. g4 Bg6 8. Bg5 Be7 9. e5 dxe5 10. Nxe5 Nbd7 11. Bb5 0-0 12. Nxg6 hxg6 13. Bxd7 Nxd7 14. Bxe7 Qxe7 15. Qf3 Ne5 16. Qe3 Nc6 17. h4 Nd4 18. 0-0-0 b5 19. h5 Qf6 20. h6 g5 21. Ne4 Qf4 22. hxg7 Kxg7 23. Nxg5 Qxe3+ 24. fxe3 Nc6 25. Ne4 c4 26. dxc4 bxc4 27. Rh5 Rh8 28. Rg5+ Kf8 29. Rc5 Ne7 30. Rf1 Rc8 31. Rxc8+ Nxc8 32. Ng5 Nd6 33. Nxe6+ Kg8 34. Ng5 Rh4 35. Rf4 Kg7 36. Ne4 c3 37. Nxc3 Kg6 38. Rd4 Ne8 39. Nd5 Rh1+ 40. Kd2 Ra1 41. Ra4 Nd6 42. Ra6 Kg5 43. Rxd6 Rxa2 44. Rd7 Rxb2 45. Rxa7 f6 46. Rf7 Kxg4 47. Rxf6 Kg5 48. Rf1 Rb8 49. Kd3 Rd8 50. Kd4 Kg4 51. c4 Kg3 52. c5 Kg2 53. Rf7 Ra8 54. c6 Ra4+ 55. Ke5 Ra8 56. c7 Re8+ 57. Re7 Rc8 58. Nb6 Rxc7 59. Rxc7 Kf3 60. Rc4 Kxe3 61. Rc3+ Kd2 62. Rf3 Ke2 63. Ke4 Kd2 64. Re3 Kc2 65. Kd4 Kd2 66. Nd5 Kc2 67. Rd3 Kb2 68. Nb4 Kc1 69. Kc3 Kb1 70. Rd1# 1-0